| 000 | 01099cam a22002893a 4500 | ||
|---|---|---|---|
| 001 | 1015 | ||
| 005 | 20250221100532.0 | ||
| 020 | _a0590662317 (pbk.) : | ||
| 040 |
_aEOW _cEOW _dOCL _dDLC _beng |
||
| 050 | 0 | 0 | _aPZ7.D2193 |
| 082 | _a808.839362 | ||
| 100 | 1 | _aBaglio, Ben M. | |
| 245 | 1 | 0 |
_aPonies at the point / _cBen M. Baglio ; illustrations by Jenny Gregory ; cover illustrations by Mary Ann Lasher. |
| 260 |
_aNew York : _bScholastic, _c1999, 1998. |
||
| 300 |
_a136 pages : _billustrations ; _c20 cm |
||
| 500 | _a"An Apple paperback." | ||
| 505 | _aR | ||
| 520 | _aThe Hopes and James are on holiday in Ireland. Mandy and James are thrilled to discover wild ponies on the beach. But one little foal needs help. She has a cruel head-collar cutting into her face. Who put it on her - and why? | ||
| 521 |
_a720
_bLexile |
||
| 521 |
_aR
_bRaz-Plus |
||
| 650 | 0 |
_aAnimals _vFiction. |
|
| 650 | 0 |
_aPonies _vFiction. |
|
| 655 | 7 |
_aChildren's stories. _2lcsh |
|
| 700 | 1 |
_aGregory, Jenny _eillustrator. |
|
| 906 |
_a7 _bcbc _ccopycat _d2 _encip _f19 _gy-genrareb |
||
| 942 |
_2ddc _cBK _n0 |
||
| 999 |
_c1015 _d1015 |
||